00288nam a2200109Ia 4500008004100000100002500041245004000066260003200106650001500138942000800153999001700161190216s9999||||xx |||||||||||||| ||und|| aA Group Of Engineers 0aAll You Want To Know About Tv&Video bTech Pubs Pvt Ltd Singapore aReferences cREF c35580d35580